Capitales de las comarcas de Cataluña - Estadísticas

Estadísticas generales
  • Esta prueba ha sido intentada 651 veces
  • La puntuación promedio es 21 de 42
Estadísticas de respuestas
Hint Respuesta % Correcto
Gironés Girona
94%
Barcelonés Barcelona
90%
Ripollés Ripoll
84%
Tarragonés Tarragona
81%
Maresme Mataró
78%
Alt Empordà Figueres
77%
Vallés occidental Sabadell/Tarrassa
77%
Garrotxa Olot
76%
Osona Vic
75%
Segrià Lleida
73%
Berguedà Berga
72%
Moianés Moia
68%
Solsones Solsona
66%
Bages Manresa
65%
Pla de l'estany Banyoles
63%
Vallés oriental Granollers
61%
Anoia Igualada
57%
Baix camp Reus
54%
Alt Penedés Vilafranca del penedes
52%
Montsià Amposta
51%
Pallars Sobirà Sort
51%
Baix ebre Tortosa
51%
Cerdanya Puigcerdà
48%
Pallars Jussà Tremp
48%
Alt Urgell La seu d'Urgell
45%
Baix Llobregat Sant Feliu de Llobregat
41%
Alt camp Valls
39%
Noguera Balaguer
38%
Segarra Cervera
38%
Prioriat Falset
38%
Conca de barberà Montblanc
38%
Baix penedés El vendrell
36%
Baix Empordà La Bisbal d'empordà
36%
Ribera d'ebre Mora d'ebre
35%
Terra alta Gandesa
32%
Pla d'Urgell Mollerussa
32%
Garrigues Les borges blanques
31%
Urgell Tàrraga
10%
Selva Santa coloma de Fernes
4%
Alta Ribagorza Port de sort
1%
Val Aran Vielho e Mijaran
1%
Garraf Vilanova de Gertrú
1%
No se encontraron pruebas coincidentes
Distribución de puntuación
Porcentaje de gente con cada puntuación
Porcentaje por número respondido
Historial de tus puntuaciones
No has intentado esta prueba.